[Event "World Chess Olympiad 2018"]
[Site "Batumi"]
[Date "2018.09.24"]
[Round "1"]
[Board "3"]
[WhiteFideId "304760"]
[White "Stocek Jiri"]
[BlackFideId "7700156"]
[Black "Harper Ryan"]
[Result "1-0"]
[LiveChessVersion "1.4.8"]
[BlackElo "2226"]
[WhiteElo "2574"]

1. Nf3 {[%clk 1:30:37]} Nf6 {[%clk 1:30:40]} 2. c4 {[%clk 1:30:46]} c5
{[%clk 1:30:56]} 3. Nc3 {[%clk 1:30:51]} e6 {[%clk 1:29:04]} 4. e3
{[%clk 1:30:54]} Nc6 {[%clk 1:26:12]} 5. d4 {[%clk 1:30:24]} d5 {[%clk 1:21:18]}
6. cxd5 {[%clk 1:30:06]} exd5 {[%clk 1:15:55]} 7. Bb5 {[%clk 1:28:28]} a6
{[%clk 1:11:49]} 8. Bxc6+ {[%clk 1:27:38]} bxc6 {[%clk 1:12:09]} 9. O-O
{[%clk 1:19:36]} Be7 {[%clk 0:58:21]} 10. Qa4 {[%clk 1:13:23]} Bd7
{[%clk 0:48:39]} 11. Ne5 {[%clk 1:12:11]} Qc7 {[%clk 0:48:23]} 12. b3
{[%clk 1:03:08]} O-O {[%clk 0:38:09]} 13. Ba3 {[%clk 1:02:12]} Bd6
{[%clk 0:38:14]} 14. f4 {[%clk 0:47:58]} cxd4 {[%clk 0:25:08]} 15. exd4
{[%clk 0:45:29]} Rfb8 {[%clk 0:06:59]} 16. Bxd6 {[%clk 0:40:58]} Qxd6
{[%clk 0:07:22]} 17. Qa5 {[%clk 0:41:02]} Be8 {[%clk 0:03:53]} 18. Rfe1
{[%clk 0:37:20]} h6 {[%clk 0:03:17]} 19. Rad1 {[%clk 0:36:09]} Nh7
{[%clk 0:02:01]} 20. Nd3 {[%clk 0:32:44]} Bd7 {[%clk 0:01:56]} 21. Qc5
{[%clk 0:31:45]} Qf6 {[%clk 0:01:46]} 22. Ne5 {[%clk 0:30:05]} Be8
{[%clk 0:01:49]} 23. Rf1 {[%clk 0:27:03]} Nf8 {[%clk 0:02:02]} 24. f5
{[%clk 0:27:13]} Bd7 {[%clk 0:01:25]} 25. Rf2 {[%clk 0:23:22]} Be8
{[%clk 0:01:35]} 26. h3 {[%clk 0:21:43]} h5 {[%clk 0:01:19]} 27. Na4
{[%clk 0:21:30]} Rb5 {[%clk 0:00:46]} 28. Qc3 {[%clk 0:20:40]} a5
{[%clk 0:00:58]} 29. Nc5 {[%clk 0:20:33]} Ra7 {[%clk 0:00:54]} 30. Re1
{[%clk 0:19:49]} Ra8 {[%clk 0:00:59]} 31. Qf3 {[%clk 0:16:28]} Rb4
{[%clk 0:00:51]} 32. Qf4 {[%clk 0:14:46]} Kh7 {[%clk 0:00:44]} 33. g4
{[%clk 0:13:29]} Qd6 {[%clk 0:00:43]} 34. g5 {[%clk 0:08:57]} f6 {[%clk 0:00:44]}
35. gxf6 {[%clk 0:07:39]} gxf6 {[%clk 0:01:03]} 36. Ned3 {[%clk 0:05:46]} Qxf4
{[%clk 0:01:29]} 37. Rxf4 {[%clk 0:05:37]} Rbb8 {[%clk 0:01:50]} 38. Re7+
{[%clk 0:05:12]} Kh6 {[%clk 0:01:54]} 39. h4 {[%clk 0:05:14]} Rd8
{[%clk 0:01:56]} 40. Rf3 {[%clk 0:32:56]} Bd7 {[%clk 0:32:07]} 41. Rf7
{[%clk 0:31:41]} a4 {[%clk 0:21:09]} 42. bxa4 {[%clk 0:31:16]} Rab8
{[%clk 0:21:23]} 43. Rg3 {[%clk 0:29:49]} Rb1+ {[%clk 0:18:19]} 44. Kf2
{[%clk 0:29:50]} Bxf5 {[%clk 0:17:56]} 45. Rxf6+ {[%clk 0:30:12]} Bg6
{[%clk 0:18:22]} 46. Ne5 {[%clk 0:27:29]} Rb2+ {[%clk 0:18:28]} 47. Kf3
{[%clk 0:26:34]} Rxa2 {[%clk 0:18:13]} 48. Rfxg6+ {[%clk 0:24:14]} Nxg6
{[%clk 0:18:18]} 49. Rxg6+ {[%clk 0:24:08]} Kh7 {[%clk 0:18:44]} 50. Ne6
{[%clk 0:24:29]} Ra3+ {[%clk 0:17:32]} 51. Kf4 {[%clk 0:24:40]} 1-0

[Event "World Chess Olympiad 2018"]
[Site "Batumi"]
[Date "2018.09.24"]
[Round "1"]
[Board "4"]
[WhiteFideId "7700750"]
[White "Winter Atwell Adrian"]
[BlackFideId "14907526"]
[Black "Michalik Peter"]
[Result "0-1"]
[LiveChessVersion "1.4.8"]
[BlackElo "2556"]
[WhiteElo "2221"]

1. e4 {[%clk 1:30:43]} c6 {[%clk 1:30:53]} 2. d4 {[%clk 1:30:56]} d5
{[%clk 1:31:19]} 3. exd5 {[%clk 1:31:10]} cxd5 {[%clk 1:31:43]} 4. c4
{[%clk 1:31:08]} Nf6 {[%clk 1:32:05]} 5. Nc3 {[%clk 1:31:11]} Nc6
{[%clk 1:32:26]} 6. Bg5 {[%clk 1:30:52]} Be6 {[%clk 1:30:36]} 7. Bxf6
{[%clk 1:27:48]} exf6 {[%clk 1:30:46]} 8. c5 {[%clk 1:25:39]} g6 {[%clk 1:29:09]}
9. Bb5 {[%clk 1:23:18]} h5 {[%clk 1:25:46]} 10. Nge2 {[%clk 1:22:47]} Bh6
{[%clk 1:26:07]} 11. Qa4 {[%clk 1:21:09]} Qc8 {[%clk 1:19:50]} 12. b4
{[%clk 1:18:40]} O-O {[%clk 1:16:56]} 13. Bxc6 {[%clk 1:15:51]} bxc6
{[%clk 1:17:19]} 14. O-O {[%clk 1:15:41]} a6 {[%clk 0:58:45]} 15. f4
{[%clk 1:10:37]} Re8 {[%clk 0:57:30]} 16. Qc2 {[%clk 1:04:15]} Rb8
{[%clk 0:55:36]} 17. a3 {[%clk 1:03:09]} a5 {[%clk 0:54:01]} 18. bxa5
{[%clk 1:02:47]} Qa6 {[%clk 0:53:59]} 19. Rf2 {[%clk 0:47:46]} Qxa5
{[%clk 0:50:35]} 20. Na4 {[%clk 0:45:13]} Bf5 {[%clk 0:49:29]} 21. Qd1
{[%clk 0:44:48]} Re3 {[%clk 0:48:21]} 22. Ng3 {[%clk 0:31:14]} Rbe8
{[%clk 0:43:57]} 23. Re2 {[%clk 0:23:46]} Bg4 {[%clk 0:42:43]} 24. Qd2
{[%clk 0:18:51]} Qxd2 {[%clk 0:42:28]} 25. Rxd2 {[%clk 0:18:57]} Bxf4
{[%clk 0:42:47]} 26. Rf2 {[%clk 0:13:09]} Re1+ {[%clk 0:42:01]} 27. Rf1
{[%clk 0:13:25]} Be3+ {[%clk 0:42:19]} 28. Kh1 {[%clk 0:13:44]} Rxa1
{[%clk 0:42:43]} 29. Rxa1 {[%clk 0:13:56]} Bxd4 {[%clk 0:42:45]} 0-1

[Event "World Chess Olympiad 2018"]
[Site "Batumi"]
[Date "2018.09.24"]
[Round "1"]
[Board "1"]
[WhiteFideId "7603991"]
[White "Gnaam Koteba."]
[BlackFideId "4675789"]
[Black "Meier Georg"]
[Result "0-1"]
[LiveChessVersion "1.4.8"]
[BlackElo "2639"]
[WhiteElo "2061"]

1. e4 {[%clk 1:30:52]} c5 {[%clk 1:30:38]} 2. Nf3 {[%clk 1:31:15]} e6
{[%clk 1:30:58]} 3. d4 {[%clk 1:31:04]} cxd4 {[%clk 1:31:21]} 4. Nxd4
{[%clk 1:31:27]} a6 {[%clk 1:31:46]} 5. Nc3 {[%clk 1:30:17]} b5 {[%clk 1:31:03]}
6. Bd3 {[%clk 1:28:48]} Bc5 {[%clk 1:28:04]} 7. Nb3 {[%clk 1:25:27]} Be7
{[%clk 1:28:03]} 8. O-O {[%clk 1:25:05]} Nc6 {[%clk 1:27:46]} 9. Be3
{[%clk 1:20:37]} Nf6 {[%clk 1:24:42]} 10. f4 {[%clk 1:19:24]} d6 {[%clk 1:23:06]}
11. Kh1 {[%clk 1:16:10]} Bb7 {[%clk 1:16:58]} 12. a3 {[%clk 1:15:25]} Qc7
{[%clk 1:07:23]} 13. Qe1 {[%clk 1:13:14]} h5 {[%clk 0:55:42]} 14. f5
{[%clk 1:07:57]} Ng4 {[%clk 0:52:15]} 15. Bg1 {[%clk 1:00:12]} Bf6
{[%clk 0:52:03]} 16. fxe6 {[%clk 0:48:47]} fxe6 {[%clk 0:52:02]} 17. Rd1
{[%clk 0:46:12]} O-O {[%clk 0:38:05]} 18. h3 {[%clk 0:43:30]} Nge5
{[%clk 0:38:11]} 19. Be2 {[%clk 0:40:16]} g6 {[%clk 0:37:45]} 20. Be3
{[%clk 0:36:15]} Bg7 {[%clk 0:36:36]} 21. Qd2 {[%clk 0:22:27]} Rxf1+
{[%clk 0:35:49]} 22. Rxf1 {[%clk 0:22:17]} Re8 {[%clk 0:34:35]} 23. Rd1
{[%clk 0:21:29]} Nf7 {[%clk 0:34:38]} 24. Nd4 {[%clk 0:21:01]} Nce5
{[%clk 0:34:45]} 25. Rf1 {[%clk 0:11:06]} Nc4 {[%clk 0:33:19]} 26. Bxc4
{[%clk 0:10:37]} Qxc4 {[%clk 0:33:39]} 27. Rd1 {[%clk 0:05:04]} Rc8
{[%clk 0:12:38]} 28. Qe2 {[%clk 0:03:22]} Ne5 {[%clk 0:08:22]} 29. Qxc4
{[%clk 0:01:51]} Nxc4 {[%clk 0:08:14]} 30. Bc1 {[%clk 0:01:40]} Nxa3
{[%clk 0:04:42]} 31. Nxe6 {[%clk 0:01:10]} Bxc3 {[%clk 0:03:45]} 32. bxc3
{[%clk 0:00:47]} Nc4 {[%clk 0:02:56]} 33. Ng5 {[%clk 0:00:33]} Re8
{[%clk 0:01:17]} 34. Re1 {[%clk 0:00:32]} a5 {[%clk 0:01:07]} 35. Bf4
{[%clk 0:00:39]} a4 {[%clk 0:01:28]} 36. Kg1 {[%clk 0:00:33]} h4 {[%clk 0:00:34]}
37. Nf3 {[%clk 0:00:32]} Rxe4 {[%clk 0:00:45]} 38. Rxe4 {[%clk 0:00:55]} Bxe4
{[%clk 0:01:09]} 39. Nd2 {[%clk 0:00:33]} Nxd2 {[%clk 0:00:37]} 40. Bxd2
{[%clk 0:31:01]} a3 {[%clk 0:31:00]} 41. Bc1 {[%clk 0:31:12]} a2 {[%clk 0:31:24]}
42. Bb2 {[%clk 0:31:37]} Kf7 {[%clk 0:31:17]} 43. Kf2 {[%clk 0:30:56]} g5
{[%clk 0:31:06]} 44. g3 {[%clk 0:30:51]} Bf5 {[%clk 0:31:15]} 45. Kg2
{[%clk 0:29:54]} Ke6 {[%clk 0:31:29]} 46. Kh2 {[%clk 0:25:44]} Kd5
{[%clk 0:31:11]} 47. Kg2 {[%clk 0:26:05]} Kc4 {[%clk 0:31:35]} 48. Ba1
{[%clk 0:25:49]} Bxc2 {[%clk 0:31:39]} 49. Kf3 {[%clk 0:25:52]} Bd1+
{[%clk 0:31:57]} 0-1

[Event "World Chess Olympiad 2018"]
[Site "Batumi"]
[Date "2018.09.24"]
[Round "1"]
[Board "2"]
[WhiteFideId "24651516"]
[White "Bluebaum Matthias"]
[BlackFideId "7601948"]
[Black "Chekh Adm Khedr Aram"]
[Result "1-0"]
[LiveChessVersion "1.4.8"]
[BlackElo "2171"]
[WhiteElo "2618"]

1. d4 {[%clk 1:30:55]} d5 {[%clk 1:30:40]} 2. c4 {[%clk 1:31:13]} c6
{[%clk 1:30:57]} 3. Nc3 {[%clk 1:31:22]} Nf6 {[%clk 1:31:16]} 4. e3
{[%clk 1:31:31]} e6 {[%clk 1:29:48]} 5. Nf3 {[%clk 1:31:35]} Bd6 {[%clk 1:28:35]}
6. Bd3 {[%clk 1:30:04]} Nbd7 {[%clk 1:28:51]} 7. e4 {[%clk 1:28:16]} dxe4
{[%clk 1:27:46]} 8. Nxe4 {[%clk 1:28:38]} Nxe4 {[%clk 1:21:18]} 9. Bxe4
{[%clk 1:29:01]} Nf6 {[%clk 1:20:29]} 10. Bc2 {[%clk 1:29:02]} Bb4+
{[%clk 1:19:10]} 11. Bd2 {[%clk 1:28:16]} Be7 {[%clk 1:17:55]} 12. O-O
{[%clk 1:25:06]} O-O {[%clk 1:16:01]} 13. Bg5 {[%clk 1:15:59]} h6
{[%clk 1:12:28]} 14. Bh4 {[%clk 1:13:24]} c5 {[%clk 0:52:10]} 15. Qd3
{[%clk 1:07:14]} g6 {[%clk 0:47:37]} 16. Ne5 {[%clk 0:57:26]} Qe8
{[%clk 0:26:10]} 17. dxc5 {[%clk 0:49:50]} Kg7 {[%clk 0:24:47]} 18. Qc3
{[%clk 0:43:35]} Kg8 {[%clk 0:21:31]} 19. Qe3 {[%clk 0:37:17]} Kh7
{[%clk 0:18:57]} 20. Rad1 {[%clk 0:36:31]} Bd7 {[%clk 0:17:15]} 21. Bxf6
{[%clk 0:36:29]} 1-0

[Event "World Chess Olympiad 2018"]
[Site "Batumi"]
[Date "2018.09.24"]
[Round "1"]
[Board "3"]
[WhiteFideId "7603495"]
[White "Koniahli Malek."]
[BlackFideId "11600454"]
[Black "Fridman Daniel"]
[Result "0-1"]
[LiveChessVersion "1.4.8"]
[BlackElo "2591"]
[WhiteElo "2328"]

1. d4 {[%clk 1:30:44]} Nf6 {[%clk 1:30:43]} 2. Nf3 {[%clk 1:31:03]} e6
{[%clk 1:31:03]} 3. c4 {[%clk 1:29:30]} Bb4+ {[%clk 1:31:04]} 4. Bd2
{[%clk 1:29:42]} a5 {[%clk 1:31:28]} 5. e3 {[%clk 1:29:13]} b6 {[%clk 1:29:26]}
6. Bd3 {[%clk 1:28:06]} Bb7 {[%clk 1:29:19]} 7. a3 {[%clk 1:28:19]} Bxd2+
{[%clk 1:25:40]} 8. Nbxd2 {[%clk 1:27:42]} d6 {[%clk 1:26:00]} 9. Qc2
{[%clk 1:24:20]} Nbd7 {[%clk 1:26:12]} 10. O-O {[%clk 1:22:24]} a4
{[%clk 1:23:11]} 11. Ne4 {[%clk 1:09:07]} Ra5 {[%clk 1:16:43]} 12. Nfd2
{[%clk 1:00:55]} O-O {[%clk 1:10:33]} 13. Nxf6+ {[%clk 0:57:27]} Nxf6
{[%clk 1:10:54]} 14. Be2 {[%clk 0:53:14]} Qa8 {[%clk 1:01:16]} 15. f3
{[%clk 0:44:46]} Qa7 {[%clk 0:49:51]} 16. Nb1 {[%clk 0:38:58]} c5
{[%clk 0:44:51]} 17. Nc3 {[%clk 0:36:37]} cxd4 {[%clk 0:40:09]} 18. Nb5
{[%clk 0:34:42]} Qb8 {[%clk 0:38:42]} 19. exd4 {[%clk 0:30:48]} d5
{[%clk 0:38:26]} 20. Nc3 {[%clk 0:15:53]} Qf4 {[%clk 0:27:43]} 21. Rfd1
{[%clk 0:14:06]} dxc4 {[%clk 0:27:25]} 22. Bxc4 {[%clk 0:12:22]} Bxf3
{[%clk 0:21:19]} 23. gxf3 {[%clk 0:07:36]} Rg5+ {[%clk 0:21:33]} 24. Kf1
{[%clk 0:08:00]} Ng4 {[%clk 0:21:20]} 25. Qe4 {[%clk 0:07:04]} Nxh2+
{[%clk 0:07:31]} 26. Kf2 {[%clk 0:06:06]} Ng4+ {[%clk 0:07:08]} 27. Kf1
{[%clk 0:05:17]} Nh2+ {[%clk 0:05:48]} 28. Ke2 {[%clk 0:04:38]} Rg2+
{[%clk 0:06:10]} 29. Kd3 {[%clk 0:04:56]} Qg5 {[%clk 0:06:32]} 30. Ne2
{[%clk 0:03:52]} b5 {[%clk 0:06:26]} 31. Ba2 {[%clk 0:03:54]} Rf2
{[%clk 0:05:14]} 32. f4 {[%clk 0:01:06]} Qh5 {[%clk 0:02:18]} 33. Rh1
{[%clk 0:00:36]} Rd8 {[%clk 0:02:09]} 34. Rae1 {[%clk 0:00:41]} b4
{[%clk 0:01:43]} 35. Bc4 {[%clk 0:00:34]} bxa3 {[%clk 0:01:58]} 36. bxa3
{[%clk 0:00:51]} Qc5 {[%clk 0:02:10]} 37. Nc3 {[%clk 0:00:34]} Rxd4+
{[%clk 0:00:40]} 38. Qxd4 {[%clk 0:00:46]} Rd2+ {[%clk 0:01:09]} 39. Kxd2
{[%clk 0:01:08]} Nf3+ {[%clk 0:00:40]} 40. Kc2 {[%clk 0:30:31]} Nxd4+
{[%clk 0:30:58]} 41. Kd3 {[%clk 0:30:56]} Nc6 {[%clk 0:25:45]} 42. Bb5
{[%clk 0:26:43]} Qd6+ {[%clk 0:25:14]} 43. Kc2 {[%clk 0:18:33]} Nd4+
{[%clk 0:25:35]} 44. Kb2 {[%clk 0:18:57]} Nxb5 {[%clk 0:24:58]} 45. Nxb5
{[%clk 0:19:24]} Qd5 {[%clk 0:24:58]} 46. Ka1 {[%clk 0:16:13]} Qxb5
{[%clk 0:25:20]} 47. Rb1 {[%clk 0:16:42]} Qe8 {[%clk 0:25:41]} 48. Rb4
{[%clk 0:16:37]} g6 {[%clk 0:25:56]} 49. Rc1 {[%clk 0:16:42]} h5 {[%clk 0:25:43]}
50. Rcc4 {[%clk 0:16:57]} h4 {[%clk 0:25:39]} 51. Rxa4 {[%clk 0:15:24]} h3
{[%clk 0:25:16]} 52. Rab4 {[%clk 0:15:50]} h2 {[%clk 0:25:37]} 0-1

[Event "World Chess Olympiad 2018"]
[Site "Batumi"]
[Date "2018.09.24"]
[Round "1"]
[Board "4"]
[WhiteFideId "4657101"]
[White "Svane Rasmus"]
[BlackFideId "7601875"]
[Black "Eiti Bashir"]
[Result "1-0"]
[LiveChessVersion "1.4.8"]
[BlackElo "2259"]
[WhiteElo "2595"]

1. d4 {[%clk 1:30:57]} d5 {[%clk 1:30:06]} 2. c4 {[%clk 1:31:19]} c6
{[%clk 1:29:59]} 3. Nc3 {[%clk 1:30:16]} Nf6 {[%clk 1:30:23]} 4. Nf3
{[%clk 1:30:36]} g6 {[%clk 1:29:41]} 5. cxd5 {[%clk 1:30:49]} cxd5
{[%clk 1:29:50]} 6. Bf4 {[%clk 1:31:16]} Bg7 {[%clk 1:24:14]} 7. e3
{[%clk 1:31:40]} O-O {[%clk 1:24:22]} 8. h3 {[%clk 1:31:52]} Nc6 {[%clk 1:23:45]}
9. Bd3 {[%clk 1:32:17]} a6 {[%clk 1:19:00]} 10. O-O {[%clk 1:31:22]} Bf5
{[%clk 1:17:28]} 11. Bxf5 {[%clk 1:26:16]} gxf5 {[%clk 1:17:47]} 12. Ne5
{[%clk 1:21:40]} Rc8 {[%clk 1:11:19]} 13. Qb3 {[%clk 1:17:57]} Na5
{[%clk 1:08:07]} 14. Qb4 {[%clk 1:12:08]} Nh5 {[%clk 0:59:59]} 15. Bh2
{[%clk 1:07:50]} b5 {[%clk 0:52:58]} 16. Nxd5 {[%clk 1:01:01]} Qxd5
{[%clk 0:47:33]} 17. Qxa5 {[%clk 1:01:22]} f4 {[%clk 0:42:23]} 18. exf4
{[%clk 0:51:47]} Nxf4 {[%clk 0:30:01]} 19. Bxf4 {[%clk 0:50:50]} Qxd4
{[%clk 0:30:24]} 20. Bg3 {[%clk 0:23:32]} Bxe5 {[%clk 0:30:43]} 21. Bxe5
{[%clk 0:23:44]} Qxe5 {[%clk 0:31:01]} 22. Qxa6 {[%clk 0:24:04]} Rc2
{[%clk 0:24:08]} 23. Rae1 {[%clk 0:19:57]} Qc5 {[%clk 0:19:09]} 24. Re4
{[%clk 0:14:42]} e6 {[%clk 0:18:12]} 25. b4 {[%clk 0:13:21]} Qd5 {[%clk 0:17:12]}
26. Rg4+ {[%clk 0:13:06]} Kh8 {[%clk 0:17:37]} 27. Qa7 {[%clk 0:10:21]} Qd6
{[%clk 0:15:15]} 28. Qb7 {[%clk 0:09:21]} Rxa2 {[%clk 0:10:45]} 29. Qxb5
{[%clk 0:09:46]} f5 {[%clk 0:07:31]} 30. Rg3 {[%clk 0:09:29]} Rg8
{[%clk 0:04:31]} 31. Rxg8+ {[%clk 0:07:26]} Kxg8 {[%clk 0:04:57]} 32. Qb7
{[%clk 0:06:58]} Qd4 {[%clk 0:03:28]} 33. Qe7 {[%clk 0:03:22]} Re2
{[%clk 0:02:48]} 34. b5 {[%clk 0:02:54]} Qb6 {[%clk 0:00:58]} 35. Kh1
{[%clk 0:02:26]} Rd2 {[%clk 0:00:33]} 36. Qg5+ {[%clk 0:02:48]} 1-0

[Event "World Chess Olympiad 2018"]
[Site "Batumi"]
[Date "2018.09.24"]
[Round "1"]
[Board "1"]
[WhiteFideId "13502956"]
[White "Zhigalko Sergei"]
[BlackFideId "5702488"]
[Black "Lim Zhuo Ren"]
[Result "1-0"]
[LiveChessVersion "1.4.8"]
[BlackElo "2182"]
[WhiteElo "2610"]

1. e4 {[%clk 1:30:57]} c5 {[%clk 1:30:24]} 2. Nf3 {[%clk 1:31:22]} d6
{[%clk 1:30:29]} 3. Bb5+ {[%clk 1:31:46]} Nd7 {[%clk 1:29:17]} 4. O-O
{[%clk 1:32:01]} Ngf6 {[%clk 1:29:04]} 5. Re1 {[%clk 1:31:02]} a6
{[%clk 1:28:42]} 6. Bxd7+ {[%clk 1:29:53]} Bxd7 {[%clk 1:26:50]} 7. e5
{[%clk 1:29:53]} dxe5 {[%clk 1:22:33]} 8. Nxe5 {[%clk 1:30:19]} Be6
{[%clk 1:01:29]} 9. Nc3 {[%clk 1:23:19]} g6 {[%clk 1:00:39]} 10. Qf3
{[%clk 1:23:37]} Bd5 {[%clk 0:35:15]} 11. Ng4 {[%clk 1:07:34]} Nxg4
{[%clk 0:29:01]} 12. Nxd5 {[%clk 1:07:46]} Qd6 {[%clk 0:27:26]} 13. h3
{[%clk 0:21:19]} Ne5 {[%clk 0:25:59]} 14. Rxe5 {[%clk 0:16:55]} Qxe5
{[%clk 0:26:20]} 15. d4 {[%clk 0:17:23]} Qe1+ {[%clk 0:22:13]} 16. Kh2
{[%clk 0:17:51]} Rc8 {[%clk 0:22:03]} 17. c4 {[%clk 0:04:51]} cxd4
{[%clk 0:14:45]} 18. Qb3 {[%clk 0:02:22]} b5 {[%clk 0:14:57]} 19. cxb5
{[%clk 0:01:45]} Qxf2 {[%clk 0:00:54]} 20. bxa6 {[%clk 0:00:38]} Bg7
{[%clk 0:01:23]} 21. Qb5+ {[%clk 0:00:48]} Kf8 {[%clk 0:01:44]} 22. Bf4
{[%clk 0:01:17]} g5 {[%clk 0:01:07]} 23. Qb7 {[%clk 0:00:38]} Re8
{[%clk 0:01:36]} 24. Bg3 {[%clk 0:00:39]} Qf5 {[%clk 0:01:44]} 25. Re1
{[%clk 0:00:36]} e5 {[%clk 0:00:32]} 26. a7 {[%clk 0:00:42]} Qc8 {[%clk 0:00:59]}
27. Qb4+ {[%clk 0:00:42]} Kg8 {[%clk 0:01:27]} 28. Ne7+ {[%clk 0:01:04]} Rxe7
{[%clk 0:01:55]} 29. Qxe7 {[%clk 0:01:30]} h6 {[%clk 0:01:31]} 30. Rc1
{[%clk 0:00:42]} 1-0

[Event "World Chess Olympiad 2018"]
[Site "Batumi"]
[Date "2018.09.24"]
[Round "1"]
[Board "2"]
[WhiteFideId "5712181"]
[White "Lye Lik Zang"]
[BlackFideId "13500139"]
[Black "Aleksandrov Aleksej"]
[Result "0-1"]
[LiveChessVersion "1.4.8"]
[BlackElo "2602"]
[WhiteElo "2351"]

1. d4 {[%clk 1:30:57]} Nf6 {[%clk 1:30:42]} 2. Nf3 {[%clk 1:30:56]} d5
{[%clk 1:29:59]} 3. Bf4 {[%clk 1:30:56]} c5 {[%clk 1:28:33]} 4. e3
{[%clk 1:30:30]} e6 {[%clk 1:28:55]} 5. c3 {[%clk 1:29:42]} Bd6 {[%clk 1:22:25]}
6. Bb5+ {[%clk 1:14:44]} Nc6 {[%clk 1:20:15]} 7. Bg3 {[%clk 1:12:13]} Ne4
{[%clk 1:14:33]} 8. Bxd6 {[%clk 0:57:50]} Qxd6 {[%clk 1:10:23]} 9. Ne5
{[%clk 0:52:52]} O-O {[%clk 1:08:12]} 10. Bxc6 {[%clk 0:46:23]} bxc6
{[%clk 1:07:13]} 11. f3 {[%clk 0:45:55]} cxd4 {[%clk 0:59:31]} 12. cxd4
{[%clk 0:43:24]} f6 {[%clk 0:59:39]} 13. Nd3 {[%clk 0:41:40]} Ng5
{[%clk 1:00:03]} 14. Qa4 {[%clk 0:23:02]} e5 {[%clk 0:57:15]} 15. Qa3
{[%clk 0:16:37]} Qc7 {[%clk 0:52:33]} 16. O-O {[%clk 0:10:58]} Re8
{[%clk 0:39:57]} 17. Nd2 {[%clk 0:09:24]} Bf5 {[%clk 0:36:45]} 18. Rfe1
{[%clk 0:07:49]} exd4 {[%clk 0:33:30]} 19. exd4 {[%clk 0:08:03]} Ne6
{[%clk 0:33:50]} 20. Qc3 {[%clk 0:06:47]} Bxd3 {[%clk 0:33:33]} 21. Qxd3
{[%clk 0:07:04]} a5 {[%clk 0:29:45]} 22. Nb3 {[%clk 0:06:12]} a4 {[%clk 0:29:02]}
23. Nc5 {[%clk 0:06:33]} Nxc5 {[%clk 0:29:19]} 24. dxc5 {[%clk 0:06:56]} Qa5
{[%clk 0:29:35]} 25. Qc3 {[%clk 0:01:46]} Qxc3 {[%clk 0:29:57]} 26. Rxe8+
{[%clk 0:01:09]} Rxe8 {[%clk 0:30:20]} 27. bxc3 {[%clk 0:01:36]} Re2
{[%clk 0:29:01]} 28. c4 {[%clk 0:01:14]} dxc4 {[%clk 0:28:05]} 29. Rc1
{[%clk 0:01:31]} Rxa2 {[%clk 0:27:59]} 30. Rxc4 {[%clk 0:01:58]} Kf7
{[%clk 0:27:06]} 31. Rd4 {[%clk 0:01:08]} a3 {[%clk 0:27:27]} 32. Rd7+
{[%clk 0:01:32]} Ke6 {[%clk 0:27:20]} 33. Rd6+ {[%clk 0:01:37]} Ke5
{[%clk 0:27:13]} 34. Rxc6 {[%clk 0:01:57]} Rb2 {[%clk 0:26:51]} 0-1

[Event "World Chess Olympiad 2018"]
[Site "Batumi"]
[Date "2018.09.24"]
[Round "1"]
[Board "3"]
[WhiteFideId "13503758"]
[White "Stupak Kirill"]
[BlackFideId "5704154"]
[Black "Zulkipli Zaidan"]
[Result "1-0"]
[LiveChessVersion "1.4.8"]
[BlackElo "2203"]
[WhiteElo "2583"]

1. d4 {[%clk 1:30:58]} Nf6 {[%clk 1:30:36]} 2. c4 {[%clk 1:31:26]} e6
{[%clk 1:30:50]} 3. g3 {[%clk 1:31:54]} Be7 {[%clk 1:27:04]} 4. Bg2
{[%clk 1:32:17]} O-O {[%clk 1:22:55]} 5. e4 {[%clk 1:30:15]} d6 {[%clk 1:20:49]}
6. Nc3 {[%clk 1:29:57]} e5 {[%clk 1:19:28]} 7. Nge2 {[%clk 1:29:58]} Be6
{[%clk 1:14:50]} 8. d5 {[%clk 1:24:53]} Bd7 {[%clk 1:15:12]} 9. f4
{[%clk 1:22:23]} exf4 {[%clk 1:11:05]} 10. gxf4 {[%clk 1:22:19]} Bg4
{[%clk 1:09:51]} 11. O-O {[%clk 1:21:40]} Re8 {[%clk 1:02:04]} 12. Be3
{[%clk 1:18:52]} Nbd7 {[%clk 0:58:15]} 13. Qc2 {[%clk 1:18:03]} Nb6
{[%clk 0:56:09]} 14. b3 {[%clk 1:16:53]} Bf8 {[%clk 0:55:20]} 15. Ng3
{[%clk 1:16:03]} Nh5 {[%clk 0:48:16]} 16. Nh1 {[%clk 1:14:57]} c6
{[%clk 0:42:38]} 17. f5 {[%clk 1:03:18]} Nf6 {[%clk 0:39:47]} 18. Bg5
{[%clk 1:03:30]} h6 {[%clk 0:31:26]} 19. Bh4 {[%clk 1:00:34]} Nbd7
{[%clk 0:29:50]} 20. h3 {[%clk 0:51:14]} Bh5 {[%clk 0:28:02]} 21. Ng3
{[%clk 0:51:29]} Qb6+ {[%clk 0:25:54]} 22. Kh1 {[%clk 0:50:23]} Rac8
{[%clk 0:23:48]} 23. Qd2 {[%clk 0:47:14]} Qb4 {[%clk 0:20:09]} 24. Rf2
{[%clk 0:37:01]} Kh8 {[%clk 0:08:54]} 25. Rg1 {[%clk 0:35:57]} cxd5
{[%clk 0:07:27]} 26. Nxd5 {[%clk 0:26:26]} Qxd2 {[%clk 0:06:56]} 27. Rxd2
{[%clk 0:26:50]} Nxd5 {[%clk 0:05:33]} 28. Rxd5 {[%clk 0:27:13]} g5
{[%clk 0:05:38]} 29. Bxg5 {[%clk 0:22:53]} hxg5 {[%clk 0:05:25]} 30. Nxh5
{[%clk 0:23:22]} Rc5 {[%clk 0:04:22]} 31. Rd2 {[%clk 0:13:53]} b5
{[%clk 0:01:24]} 32. cxb5 {[%clk 0:13:10]} Rxb5 {[%clk 0:01:42]} 33. Bf3
{[%clk 0:12:53]} Rc5 {[%clk 0:02:01]} 34. Rf2 {[%clk 0:06:43]} f6
{[%clk 0:00:36]} 35. h4 {[%clk 0:04:54]} Bh6 {[%clk 0:00:32]} 36. Nxf6
{[%clk 0:00:53]} Nxf6 {[%clk 0:00:35]} 37. hxg5 {[%clk 0:01:22]} Bxg5
{[%clk 0:00:51]} 38. Rxg5 {[%clk 0:00:49]} Rc1+ {[%clk 0:01:19]} 39. Kg2
{[%clk 0:00:48]} Rg8 {[%clk 0:00:36]} 40. Rxg8+ {[%clk 0:31:02]} Kxg8
{[%clk 0:30:46]} 41. Rd2 {[%clk 0:31:31]} Ne8 {[%clk 0:29:56]} 42. e5
{[%clk 0:31:28]} dxe5 {[%clk 0:29:08]} 43. Rd8 {[%clk 0:31:55]} 1-0